[Event "European Women's Championship"]
[Site "Vysoke Tatry"]
[Date "2018.04.18"]
[Round "10"]
[White "Batyte, Daiva"]
[Black "Theissl Pokorna, Regina"]
[Result "1/2-1/2"]
[Board "39"]
[WhiteElo "2165"]
[WhiteTitle "WFM"]
[WhiteCountry "LTU"]
[WhiteFideId "12801860"]
[WhiteEloChange "4"]
[BlackElo "2320"]
[BlackTitle "WGM"]
[BlackCountry "AUT"]
[BlackFideId "14902052"]
[BlackEloChange "-4"]

1. Nf3 {[%clk 1:30:57]} Nf6 {[%clk 1:30:52]} 2. c4 {[%clk 1:30:49]} b6 {[%clk
1:31:00]} 3. g3 {[%clk 1:30:52]} Bb7 {[%clk 1:31:25]} 4. Bg2 {[%clk 1:30:45]} g6
{[%clk 1:31:45]} 5. Nc3 {[%clk 1:29:56]} Bg7 {[%clk 1:32:01]} 6. O-O {[%clk
1:29:26]} O-O {[%clk 1:32:03]} 7. d3 {[%clk 1:21:03]} d5 {[%clk 1:30:54]} 8. cxd5
{[%clk 1:12:47]} Nxd5 {[%clk 1:30:12]} 9. Bd2 {[%clk 1:12:17]} c5 {[%clk
1:18:11]} 10. Nxd5 {[%clk 0:54:50]} Qxd5 {[%clk 1:09:24]} 11. Bc3 {[%clk
0:49:37]} Nc6 {[%clk 1:07:30]} 12. Ne5 {[%clk 0:44:33]} Qd6 {[%clk 1:01:38]} 13.
Nxc6 {[%clk 0:42:11]} Bxc6 {[%clk 1:00:22]} 14. Bxc6 {[%clk 0:42:09]} Qxc6 {[%clk
1:00:50]} 15. Bxg7 {[%clk 0:41:17]} Kxg7 {[%clk 1:01:18]} 16. Qc2 {[%clk
0:39:16]} Qe6 {[%clk 0:57:10]} 17. b3 {[%clk 0:36:23]} Rad8 {[%clk 0:47:24]} 18.
Rfe1 {[%clk 0:28:49]} Qh3 {[%clk 0:37:01]} 19. Qb2+ {[%clk 0:14:30]} Kg8 {[%clk
0:31:41]} 20. Qe5 {[%clk 0:14:37]} e6 {[%clk 0:30:57]} 21. Rac1 {[%clk 0:14:40]}
Rd5 {[%clk 0:26:56]} 22. Qe4 {[%clk 0:14:48]} Rfd8 {[%clk 0:19:50]} 23. Rc4
{[%clk 0:13:31]} Qh6 {[%clk 0:20:11]} 24. Qf4 {[%clk 0:11:58]} Qf8 {[%clk
0:18:32]} 25. Rec1 {[%clk 0:11:33]} a5 {[%clk 0:17:52]} 26. Qe3 {[%clk 0:10:34]}
Rd4 {[%clk 0:13:23]} 27. Rxd4 {[%clk 0:09:43]} Rxd4 {[%clk 0:13:49]} 28. Qe5
{[%clk 0:07:08]} Qd6 {[%clk 0:07:14]} 29. Qxd6 {[%clk 0:06:54]} Rxd6 {[%clk
0:07:41]} 30. Kg2 {[%clk 0:06:52]} Kf8 {[%clk 0:08:00]} 31. h4 {[%clk 0:06:58]}
h5 {[%clk 0:08:25]} 32. Kf3 {[%clk 0:07:03]} Ke7 {[%clk 0:08:51]} 33. Ke3 {[%clk
0:06:55]} Kd7 {[%clk 0:08:45]} 34. Rc4 {[%clk 0:06:42]} Kc6 {[%clk 0:08:15]} 35.
f3 {[%clk 0:04:48]} b5 {[%clk 0:06:55]} 36. Rc1 {[%clk 0:04:33]} Kd5 {[%clk
0:05:13]} 37. Kd2 {[%clk 0:03:27]} Ra6 {[%clk 0:03:44]} 38. e4+ {[%clk 0:03:41]}
Kd6 {[%clk 0:03:42]} 39. Rb1 {[%clk 0:03:01]} b4 {[%clk 0:03:29]} 40. a4 {[%clk
0:32:56]} bxa3 {[%clk 0:30:44]} 41. Ra1 {[%clk 0:31:42]} Kc6 {[%clk 0:27:57]} 42.
Rxa3 {[%clk 0:31:57]} Kb5 {[%clk 0:28:24]} 43. Kc3 {[%clk 0:31:47]} Ra8 {[%clk
0:22:31]} 1/2-1/2

[Event "European Women's Championship"]
[Site "Vysoke Tatry"]
[Date "2018.04.18"]
[Round "10"]
[White "Belenkaya, Dina"]
[Black "Novosadova, Kristyna"]
[Result "1-0"]
[Board "40"]
[WhiteElo "2308"]
[WhiteTitle "WGM"]
[WhiteCountry "RUS"]
[WhiteFideId "24142654"]
[WhiteEloChange "8"]
[BlackElo "2240"]
[BlackCountry "CZE"]
[BlackFideId "328065"]
[BlackEloChange "-8"]

1. e4 {[%clk 1:30:21]} c5 {[%clk 1:30:53]} 2. Nf3 {[%clk 1:30:44]} e6 {[%clk
1:31:17]} 3. g3 {[%clk 1:31:10]} Nc6 {[%clk 1:31:41]} 4. Bg2 {[%clk 1:31:20]} Nf6
{[%clk 1:31:51]} 5. Qe2 {[%clk 1:31:42]} e5 {[%clk 1:32:16]} 6. c3 {[%clk
1:31:37]} Be7 {[%clk 1:31:41]} 7. d3 {[%clk 1:31:50]} O-O {[%clk 1:31:50]} 8. O-O
{[%clk 1:31:50]} d5 {[%clk 1:24:23]} 9. exd5 {[%clk 1:29:27]} Qxd5 {[%clk
1:24:43]} 10. Re1 {[%clk 1:26:18]} Qd8 {[%clk 1:12:49]} 11. Nxe5 {[%clk 1:24:34]}
Nxe5 {[%clk 1:13:13]} 12. Qxe5 {[%clk 1:25:01]} Re8 {[%clk 1:13:31]} 13. Qe2
{[%clk 1:14:19]} Bf8 {[%clk 1:09:27]} 14. Be3 {[%clk 1:13:51]} Ng4 {[%clk
1:05:38]} 15. Na3 {[%clk 1:13:28]} Bf5 {[%clk 0:49:59]} 16. Rad1 {[%clk 1:12:16]}
Qd7 {[%clk 0:41:18]} 17. Nc2 {[%clk 1:05:38]} Rad8 {[%clk 0:39:47]} 18. d4 {[%clk
1:00:32]} c4 {[%clk 0:32:58]} 19. Qd2 {[%clk 0:56:22]} h6 {[%clk 0:29:03]} 20.
Bf4 {[%clk 0:48:23]} g5 {[%clk 0:27:50]} 21. Be3 {[%clk 0:48:07]} Qd6 {[%clk
0:20:27]} 22. Na3 {[%clk 0:45:38]} Nxe3 {[%clk 0:12:33]} 23. Rxe3 {[%clk
0:41:33]} Rxe3 {[%clk 0:11:36]} 24. Nxc4 {[%clk 0:35:56]} Re2 {[%clk 0:03:57]}
25. Qxe2 {[%clk 0:35:13]} Qa6 {[%clk 0:04:26]} 26. b3 {[%clk 0:34:23]} b5 {[%clk
0:04:29]} 27. Ne5 {[%clk 0:32:00]} Re8 {[%clk 0:04:37]} 28. Bd5 {[%clk 0:29:51]}
Be6 {[%clk 0:03:08]} 29. Bxe6 {[%clk 0:29:18]} Qxe6 {[%clk 0:03:33]} 30. Qxb5
{[%clk 0:29:08]} Bg7 {[%clk 0:02:39]} 31. Qd7 {[%clk 0:24:49]} Qxd7 {[%clk
0:02:59]} 32. Nxd7 {[%clk 0:25:16]} Rd8 {[%clk 0:03:13]} 33. Nc5 {[%clk 0:25:39]}
Re8 {[%clk 0:03:00]} 34. Kf1 {[%clk 0:26:01]} f5 {[%clk 0:03:15]} 35. c4 {[%clk
0:25:52]} 1-0

[Event "European Women's Championship"]
[Site "Vysoke Tatry"]
[Date "2018.04.18"]
[Round "10"]
[White "Warakomska, Anna"]
[Black "Arda, Cagil Irmak"]
[Result "1-0"]
[Board "41"]
[WhiteElo "2306"]
[WhiteTitle "WIM"]
[WhiteCountry "POL"]
[WhiteFideId "1130790"]
[WhiteEloChange "7"]
[BlackElo "2199"]
[BlackTitle "WFM"]
[BlackCountry "TUR"]
[BlackFideId "6351700"]
[BlackEloChange "-7"]

1. e4 {[%clk 1:30:41]} c6 {[%clk 1:30:21]} 2. d4 {[%clk 1:31:05]} d5 {[%clk
1:30:45]} 3. e5 {[%clk 1:31:19]} c5 {[%clk 1:31:10]} 4. dxc5 {[%clk 1:30:56]} Nc6
{[%clk 1:31:33]} 5. Nf3 {[%clk 1:30:44]} Bg4 {[%clk 1:31:44]} 6. Bb5 {[%clk
1:15:49]} Qa5+ {[%clk 1:30:58]} 7. Nc3 {[%clk 1:14:40]} e6 {[%clk 1:31:13]} 8.
Be3 {[%clk 1:03:47]} Ne7 {[%clk 1:26:19]} 9. a3 {[%clk 0:49:04]} O-O-O {[%clk
1:25:45]} 10. b4 {[%clk 0:37:22]} Qc7 {[%clk 1:25:52]} 11. Bxc6 {[%clk 0:31:20]}
bxc6 {[%clk 1:26:09]} 12. Bd4 {[%clk 0:28:47]} Nf5 {[%clk 1:19:27]} 13. Qd3
{[%clk 0:28:41]} f6 {[%clk 1:11:13]} 14. exf6 {[%clk 0:22:16]} Nxd4 {[%clk
1:08:01]} 15. Nxd4 {[%clk 0:22:07]} gxf6 {[%clk 1:06:43]} 16. h3 {[%clk 0:20:31]}
Bh5 {[%clk 1:04:29]} 17. O-O {[%clk 0:20:57]} Re8 {[%clk 1:02:57]} 18. Rfe1
{[%clk 0:18:51]} Bf7 {[%clk 1:00:23]} 19. Qa6+ {[%clk 0:18:19]} Kd7 {[%clk
0:56:43]} 20. b5 {[%clk 0:15:06]} Bxc5 {[%clk 0:53:21]} 21. bxc6+ {[%clk
0:15:32]} Kd8 {[%clk 0:52:52]} 22. Rab1 {[%clk 0:12:48]} Bb6 {[%clk 0:40:36]} 23.
Ncb5 {[%clk 0:12:53]} Qc8 {[%clk 0:39:26]} 24. Qxc8+ {[%clk 0:12:01]} Kxc8 {[%clk
0:39:53]} 25. Nd6+ {[%clk 0:12:26]} Kc7 {[%clk 0:39:48]} 26. Nxf7 {[%clk
0:11:37]} Rhg8 {[%clk 0:38:18]} 27. Nxe6+ {[%clk 0:10:57]} Kxc6 {[%clk 0:38:24]}
28. Nh6 {[%clk 0:11:12]} Rg6 {[%clk 0:38:38]} 29. Nf5 {[%clk 0:10:25]} Kd7 {[%clk
0:37:47]} 30. Nf4 {[%clk 0:09:55]} Rxe1+ {[%clk 0:37:06]} 31. Rxe1 {[%clk
0:10:20]} Rg5 {[%clk 0:37:30]} 32. Re7+ {[%clk 0:08:48]} Kc6 {[%clk 0:37:55]} 33.
Re6+ {[%clk 0:09:09]} Kd7 {[%clk 0:37:17]} 34. Rxf6 {[%clk 0:09:09]} Bd8 {[%clk
0:37:13]} 35. Rd6+ {[%clk 0:09:21]} 1-0

[Event "European Women's Championship"]
[Site "Vysoke Tatry"]
[Date "2018.04.18"]
[Round "10"]
[White "Gvanceladze, Anna"]
[Black "Sucikova, Svetlana"]
[Result "1-0"]
[Board "42"]
[WhiteElo "2302"]
[WhiteTitle "WFM"]
[WhiteCountry "RUS"]
[WhiteFideId "4113721"]
[WhiteEloChange "5"]
[BlackElo "2107"]
[BlackTitle "WFM"]
[BlackCountry "SVK"]
[BlackFideId "14923653"]
[BlackEloChange "-5"]

1. e4 {[%clk 1:29:51]} c6 {[%clk 1:30:35]} 2. d4 {[%clk 1:30:15]} d5 {[%clk
1:30:32]} 3. exd5 {[%clk 1:30:17]} cxd5 {[%clk 1:30:32]} 4. Bd3 {[%clk 1:30:38]}
Nc6 {[%clk 1:29:34]} 5. c3 {[%clk 1:31:02]} Nf6 {[%clk 1:29:56]} 6. h3 {[%clk
1:31:28]} e6 {[%clk 1:24:01]} 7. Bf4 {[%clk 1:29:12]} Bd6 {[%clk 1:24:17]} 8. Ne2
{[%clk 1:29:32]} O-O {[%clk 1:23:55]} 9. O-O {[%clk 1:29:42]} Bxf4 {[%clk
1:23:31]} 10. Nxf4 {[%clk 1:30:08]} Qd6 {[%clk 1:23:50]} 11. Nh5 {[%clk 1:24:57]}
Nxh5 {[%clk 1:17:09]} 12. Qxh5 {[%clk 1:25:22]} g6 {[%clk 1:17:30]} 13. Qh4
{[%clk 1:22:58]} b6 {[%clk 1:14:25]} 14. Nd2 {[%clk 1:17:08]} Qe7 {[%clk
1:11:12]} 15. Qg3 {[%clk 1:13:11]} a5 {[%clk 1:10:21]} 16. a4 {[%clk 1:07:33]}
Ba6 {[%clk 1:09:55]} 17. Bxa6 {[%clk 1:01:51]} Rxa6 {[%clk 1:10:12]} 18. Ra3
{[%clk 0:59:00]} Ra7 {[%clk 1:06:20]} 19. h4 {[%clk 0:56:07]} Qc7 {[%clk
1:00:44]} 20. Qe3 {[%clk 0:52:10]} Ne7 {[%clk 0:59:23]} 21. h5 {[%clk 0:50:52]}
Nf5 {[%clk 0:59:37]} 22. Qf3 {[%clk 0:50:10]} Qe7 {[%clk 0:56:55]} 23. hxg6
{[%clk 0:44:25]} hxg6 {[%clk 0:57:01]} 24. Qf4 {[%clk 0:41:55]} Kg7 {[%clk
0:54:56]} 25. Re1 {[%clk 0:35:34]} Qd6 {[%clk 0:46:58]} 26. Qxd6 {[%clk 0:32:34]}
Nxd6 {[%clk 0:47:19]} 27. Kf1 {[%clk 0:30:57]} Rb7 {[%clk 0:43:43]} 28. Ke2
{[%clk 0:26:36]} Rc8 {[%clk 0:42:20]} 29. Kd3 {[%clk 0:26:09]} Kf6 {[%clk
0:41:41]} 30. Raa1 {[%clk 0:24:40]} Ke7 {[%clk 0:39:18]} 31. Rh1 {[%clk 0:23:54]}
Rbb8 {[%clk 0:39:24]} 32. Rh3 {[%clk 0:23:46]} Rh8 {[%clk 0:32:20]} 33. Rah1
{[%clk 0:24:10]} Rxh3+ {[%clk 0:32:20]} 34. Rxh3 {[%clk 0:24:33]} Kd7 {[%clk
0:31:57]} 35. Rh7 {[%clk 0:24:17]} Ke7 {[%clk 0:26:07]} 36. b3 {[%clk 0:19:20]}
b5 {[%clk 0:21:43]} 37. axb5 {[%clk 0:19:01]} Nxb5 {[%clk 0:21:34]} 38. Rh1
{[%clk 0:18:02]} Ra8 {[%clk 0:19:14]} 39. Ra1 {[%clk 0:17:44]} Ra7 {[%clk
0:19:16]} 40. Ra4 {[%clk 0:47:04]} Kd7 {[%clk 0:49:00]} 41. c4 {[%clk 0:46:11]}
dxc4+ {[%clk 0:48:46]} 42. bxc4 {[%clk 0:44:24]} Nd6 {[%clk 0:48:34]} 43. c5
{[%clk 0:44:09]} Nb7 {[%clk 0:48:30]} 44. Kc4 {[%clk 0:43:53]} Kc6 {[%clk
0:47:57]} 45. Nf3 {[%clk 0:43:18]} f6 {[%clk 0:48:18]} 46. Nd2 {[%clk 0:43:11]}
Ra8 {[%clk 0:47:10]} 47. Ne4 {[%clk 0:42:54]} Rh8 {[%clk 0:44:09]} 48. Ra3 {[%clk
0:41:41]} Rh4 {[%clk 0:42:48]} 49. f3 {[%clk 0:40:38]} Rh2 {[%clk 0:39:09]} 50.
Rb3 {[%clk 0:39:34]} Rxg2 {[%clk 0:37:53]} 51. Rb6+ {[%clk 0:39:59]} Kc7 {[%clk
0:38:17]} 52. Rxe6 {[%clk 0:40:21]} f5 {[%clk 0:37:18]} 53. Nc3 {[%clk 0:35:42]}
Rg3 {[%clk 0:36:12]} 54. Re7+ {[%clk 0:34:56]} Kc8 {[%clk 0:36:18]} 55. c6 {[%clk
0:31:57]} Nd8 {[%clk 0:35:54]} 56. d5 {[%clk 0:29:32]} Rg1 {[%clk 0:34:06]} 57.
c7 {[%clk 0:28:21]} Nb7 {[%clk 0:34:24]} 58. Nb5 {[%clk 0:28:15]} Rc1+ {[%clk
0:33:43]} 59. Kd4 {[%clk 0:27:20]} Rd1+ {[%clk 0:32:58]} 60. Kc3 {[%clk 0:27:44]}
1-0

[Event "European Women's Championship"]
[Site "Vysoke Tatry"]
[Date "2018.04.18"]
[Round "10"]
[White "Mikadze, Miranda"]
[Black "Savina, Anastasia"]
[Result "1-0"]
[Board "43"]
[WhiteElo "2216"]
[WhiteTitle "WGM"]
[WhiteCountry "GEO"]
[WhiteFideId "13603108"]
[WhiteEloChange "14"]
[BlackElo "2358"]
[BlackTitle "IM"]
[BlackCountry "RUS"]
[BlackFideId "4196872"]
[BlackEloChange "-14"]

1. Nf3 {[%clk 1:30:57]} Nf6 {[%clk 1:30:07]} 2. g3 {[%clk 1:31:21]} g6 {[%clk
1:30:08]} 3. b3 {[%clk 1:31:47]} Bg7 {[%clk 1:30:23]} 4. Bb2 {[%clk 1:32:13]} d6
{[%clk 1:29:15]} 5. Bg2 {[%clk 1:32:38]} e5 {[%clk 1:28:54]} 6. d4 {[%clk
1:30:25]} e4 {[%clk 1:26:29]} 7. Nfd2 {[%clk 1:28:03]} Qe7 {[%clk 1:14:12]} 8. e3
{[%clk 1:23:04]} Bg4 {[%clk 1:03:20]} 9. Qc1 {[%clk 1:23:29]} h5 {[%clk 1:03:08]}
10. h3 {[%clk 1:21:44]} Bf5 {[%clk 1:01:43]} 11. c4 {[%clk 1:18:18]} O-O {[%clk
0:42:18]} 12. Nc3 {[%clk 1:18:02]} Re8 {[%clk 0:41:51]} 13. g4 {[%clk 1:05:16]}
hxg4 {[%clk 0:34:52]} 14. hxg4 {[%clk 1:05:42]} Bxg4 {[%clk 0:35:09]} 15. Ndxe4
{[%clk 1:05:50]} Nxe4 {[%clk 0:35:01]} 16. Bxe4 {[%clk 1:05:14]} Nc6 {[%clk
0:31:32]} 17. Kd2 {[%clk 0:54:58]} Qg5 {[%clk 0:19:12]} 18. Qg1 {[%clk 0:47:55]}
Nxd4 {[%clk 0:05:59]} 19. f4 {[%clk 0:46:33]} Qf6 {[%clk 0:04:29]} 20. exd4
{[%clk 0:42:28]} Qxf4+ {[%clk 0:04:32]} 21. Qe3 {[%clk 0:41:49]} Qxe3+ {[%clk
0:04:13]} 22. Kxe3 {[%clk 0:42:15]} f5 {[%clk 0:04:00]} 23. Kf4 {[%clk 0:40:19]}
Bxd4 {[%clk 0:04:02]} 24. Bxb7 {[%clk 0:39:50]} Be5+ {[%clk 0:00:39]} 25. Kg5
{[%clk 0:40:14]} Kg7 {[%clk 0:00:35]} 26. Na4 {[%clk 0:40:28]} Bxb2 {[%clk
0:00:36]} 27. Nxb2 {[%clk 0:40:54]} Rab8 {[%clk 0:01:03]} 28. Bc6 {[%clk
0:40:40]} Re2 {[%clk 0:00:41]} 29. Rae1 {[%clk 0:40:37]} Rxb2 {[%clk 0:00:34]}
30. Re7+ {[%clk 0:40:58]} Kf8 {[%clk 0:00:47]} 31. Reh7 {[%clk 0:33:41]} Rb6
{[%clk 0:00:32]} 32. Kf6 {[%clk 0:30:40]} 1-0

[Event "European Women's Championship"]
[Site "Vysoke Tatry"]
[Date "2018.04.18"]
[Round "10"]
[White "Buksa, Nataliya"]
[Black "Rodshtein, Tereza"]
[Result "1/2-1/2"]
[Board "44"]
[WhiteElo "2357"]
[WhiteTitle "WGM"]
[WhiteCountry "UKR"]
[WhiteFideId "14123622"]
[WhiteEloChange "-4"]
[BlackElo "2226"]
[BlackTitle "WGM"]
[BlackCountry "CZE"]
[BlackFideId "325449"]
[BlackEloChange "4"]

1. e4 {[%clk 1:30:58]} e5 {[%clk 1:30:55]} 2. Nf3 {[%clk 1:31:23]} Nc6 {[%clk
1:31:14]} 3. Bb5 {[%clk 1:31:50]} a6 {[%clk 1:31:32]} 4. Ba4 {[%clk 1:32:15]} Nf6
{[%clk 1:31:57]} 5. O-O {[%clk 1:32:31]} Nxe4 {[%clk 1:32:14]} 6. d4 {[%clk
1:32:56]} b5 {[%clk 1:32:38]} 7. Bb3 {[%clk 1:33:22]} d5 {[%clk 1:33:04]} 8. dxe5
{[%clk 1:33:48]} Be6 {[%clk 1:33:30]} 9. Nbd2 {[%clk 1:33:53]} Nc5 {[%clk
1:29:00]} 10. c3 {[%clk 1:34:17]} Be7 {[%clk 1:27:31]} 11. Bc2 {[%clk 1:34:40]}
d4 {[%clk 1:27:11]} 12. Nb3 {[%clk 1:35:05]} d3 {[%clk 1:27:27]} 13. Bb1 {[%clk
1:35:31]} Nxb3 {[%clk 1:27:04]} 14. axb3 {[%clk 1:36:00]} Bf5 {[%clk 1:21:49]}
15. b4 {[%clk 1:36:25]} O-O {[%clk 1:19:57]} 16. Bf4 {[%clk 1:36:17]} Qd7 {[%clk
1:12:58]} 17. h3 {[%clk 1:36:28]} Rfd8 {[%clk 1:10:44]} 18. g4 {[%clk 1:36:53]}
Bg6 {[%clk 1:09:35]} 19. Re1 {[%clk 1:37:18]} d2 {[%clk 1:03:06]} 20. Qxd2 {[%clk
1:27:32]} Qe6 {[%clk 0:58:58]} 21. Qe2 {[%clk 1:24:21]} Bxb1 {[%clk 0:56:52]} 22.
Raxb1 {[%clk 1:24:46]} h5 {[%clk 0:56:17]} 23. Nd2 {[%clk 1:16:48]} hxg4 {[%clk
0:52:49]} 24. hxg4 {[%clk 1:16:37]} a5 {[%clk 0:47:43]} 25. bxa5 {[%clk 0:52:01]}
Rxa5 {[%clk 0:48:05]} 26. Bg3 {[%clk 0:50:09]} b4 {[%clk 0:39:27]} 27. Nf1 {[%clk
0:50:07]} Bc5 {[%clk 0:34:24]} 28. Qe4 {[%clk 0:49:17]} Bb6 {[%clk 0:28:46]} 29.
Nh2 {[%clk 0:31:13]} bxc3 {[%clk 0:21:26]} 30. bxc3 {[%clk 0:31:42]} Rc5 {[%clk
0:21:55]} 31. Rbc1 {[%clk 0:27:27]} Rc4 {[%clk 0:19:02]} 32. Qe2 {[%clk 0:27:38]}
Re8 {[%clk 0:17:19]} 33. Kg2 {[%clk 0:25:05]} f6 {[%clk 0:16:38]} 34. f4 {[%clk
0:16:37]} fxe5 {[%clk 0:16:39]} 35. fxe5 {[%clk 0:16:52]} Ne7 {[%clk 0:16:47]}
36. Qd3 {[%clk 0:15:44]} Nd5 {[%clk 0:15:15]} 37. Rcd1 {[%clk 0:15:29]} c6 {[%clk
0:14:09]} 38. Rb1 {[%clk 0:14:13]} Rxc3 {[%clk 0:12:35]} 39. Qe4 {[%clk 0:14:39]}
Ne3+ {[%clk 0:08:31]} 40. Kh1 {[%clk 0:43:57]} Rc4 {[%clk 0:34:19]} 41. Qd3
{[%clk 0:42:57]} Rd8 {[%clk 0:31:39]} 42. Qe2 {[%clk 0:42:10]} Rc2 {[%clk
0:26:28]} 43. Qf3 {[%clk 0:42:39]} Rf8 {[%clk 0:26:16]} 44. Qe4 {[%clk 0:42:34]}
Rc4 {[%clk 0:25:53]} 45. Qd3 {[%clk 0:43:01]} Rc3 {[%clk 0:20:00]} 46. Qe4 {[%clk
0:42:29]} Rc4 {[%clk 0:18:40]} 47. Qd3 {[%clk 0:42:58]} Rd4 {[%clk 0:18:49]} 48.
Qb3 {[%clk 0:42:56]} Nc4 {[%clk 0:19:07]} 49. Qc2 {[%clk 0:41:17]} Rd2 {[%clk
0:12:51]} 50. Qe4 {[%clk 0:41:44]} Rxh2+ {[%clk 0:10:55]} 51. Kxh2 {[%clk
0:38:03]} Nd2 {[%clk 0:10:22]} 52. Qe2 {[%clk 0:34:19]} Nf3+ {[%clk 0:07:41]} 53.
Kh3 {[%clk 0:32:30]} Ng5+ {[%clk 0:06:32]} 54. Kg2 {[%clk 0:32:59]} Qd5+ {[%clk
0:06:49]} 55. Kh2 {[%clk 0:33:28]} Nf3+ {[%clk 0:06:58]} 56. Kh3 {[%clk 0:33:57]}
Ng5+ {[%clk 0:05:36]} 57. Kh2 {[%clk 0:34:24]} Nf3+ {[%clk 0:02:49]} 58. Kh3
{[%clk 0:34:51]} Ng5+ {[%clk 0:02:41]} 59. Kh2 {[%clk 0:35:16]} Nf3+ {[%clk
0:02:24]} 1/2-1/2

[Event "European Women's Championship"]
[Site "Vysoke Tatry"]
[Date "2018.04.18"]
[Round "10"]
[White "Solozhenkina, Elizaveta"]
[Black "Brunello, Marina"]
[Result "1-0"]
[Board "45"]
[WhiteElo "2236"]
[WhiteTitle "WIM"]
[WhiteCountry "RUS"]
[WhiteFideId "34106615"]
[WhiteEloChange "12"]
[BlackElo "2307"]
[BlackTitle "FM"]
[BlackCountry "ITA"]
[BlackFideId "822590"]
[BlackEloChange "-12"]

1. e4 {[%clk 1:30:59]} c5 {[%clk 1:30:55]} 2. Nf3 {[%clk 1:31:24]} d6 {[%clk
1:31:23]} 3. d4 {[%clk 1:31:48]} cxd4 {[%clk 1:31:49]} 4. Nxd4 {[%clk 1:32:15]}
Nf6 {[%clk 1:32:14]} 5. Nc3 {[%clk 1:32:40]} a6 {[%clk 1:32:42]} 6. Be2 {[%clk
1:33:05]} e5 {[%clk 1:33:03]} 7. Nf3 {[%clk 1:33:28]} h6 {[%clk 1:31:34]} 8. Nd2
{[%clk 1:33:54]} b5 {[%clk 1:27:39]} 9. a4 {[%clk 1:34:20]} b4 {[%clk 1:27:40]}
10. Nd5 {[%clk 1:34:45]} Nxd5 {[%clk 1:25:56]} 11. exd5 {[%clk 1:35:10]} a5
{[%clk 1:25:21]} 12. Bb5+ {[%clk 1:32:40]} Bd7 {[%clk 1:25:23]} 13. Nc4 {[%clk
1:32:36]} Ra7 {[%clk 1:19:25]} 14. O-O {[%clk 1:22:51]} Be7 {[%clk 1:14:21]} 15.
f4 {[%clk 1:20:21]} exf4 {[%clk 1:14:07]} 16. Bxf4 {[%clk 1:18:38]} O-O {[%clk
1:14:07]} 17. Kh1 {[%clk 1:16:54]} Rb7 {[%clk 1:05:36]} 18. Bxd7 {[%clk 1:09:38]}
Rxd7 {[%clk 1:05:44]} 19. Qg4 {[%clk 1:08:15]} Kh7 {[%clk 1:03:44]} 20. Qf5+
{[%clk 1:00:00]} g6 {[%clk 0:58:27]} 21. Qh3 {[%clk 0:58:50]} Bg5 {[%clk
0:58:45]} 22. Bxg5 {[%clk 0:55:13]} Qxg5 {[%clk 0:59:10]} 23. Rad1 {[%clk
0:55:25]} Re8 {[%clk 0:57:06]} 24. Qf3 {[%clk 0:51:20]} Ree7 {[%clk 0:42:33]} 25.
Rd4 {[%clk 0:42:24]} f5 {[%clk 0:40:07]} 26. Nxa5 {[%clk 0:40:59]} Re3 {[%clk
0:39:12]} 27. Qf4 {[%clk 0:38:42]} Qxf4 {[%clk 0:30:58]} 28. Rdxf4 {[%clk
0:39:06]} Re2 {[%clk 0:30:18]} 29. Rxb4 {[%clk 0:38:17]} Na6 {[%clk 0:30:44]} 30.
Rc4 {[%clk 0:23:34]} Nc5 {[%clk 0:29:17]} 31. Nc6 {[%clk 0:22:15]} Ne4 {[%clk
0:28:48]} 32. Nd4 {[%clk 0:18:32]} Rd2 {[%clk 0:27:32]} 33. a5 {[%clk 0:14:54]}
Nf2+ {[%clk 0:26:45]} 34. Kg1 {[%clk 0:15:20]} Ng4 {[%clk 0:27:12]} 35. Re1
{[%clk 0:15:23]} Rf7 {[%clk 0:22:33]} 36. Nf3 {[%clk 0:12:51]} Rxd5 {[%clk
0:22:51]} 37. h3 {[%clk 0:13:17]} Nf6 {[%clk 0:22:33]} 38. b4 {[%clk 0:11:51]} g5
{[%clk 0:22:42]} 39. Nd4 {[%clk 0:09:59]} g4 {[%clk 0:20:18]} 40. hxg4 {[%clk
0:39:43]} Nxg4 {[%clk 0:44:19]} 41. Nxf5 {[%clk 0:36:04]} h5 {[%clk 0:44:24]} 42.
Ng3 {[%clk 0:27:45]} Kg6 {[%clk 0:36:13]} 43. Rce4 {[%clk 0:24:03]} Rg5 {[%clk
0:33:46]} 44. Re6+ {[%clk 0:22:00]} Kg7 {[%clk 0:34:12]} 45. Ne4 {[%clk 0:19:44]}
1-0

[Event "European Women's Championship"]
[Site "Vysoke Tatry"]
[Date "2018.04.18"]
[Round "10"]
[White "Ozbay, Ece"]
[Black "Doluhanova, Evgeniya"]
[Result "0-1"]
[Board "46"]
[WhiteElo "2216"]
[WhiteTitle "WFM"]
[WhiteCountry "TUR"]
[WhiteFideId "6351743"]
[WhiteEloChange "-8"]
[BlackElo "2304"]
[BlackTitle "WGM"]
[BlackCountry "UKR"]
[BlackFideId "14112035"]
[BlackEloChange "8"]

1. e4 {[%clk 1:30:55]} c5 {[%clk 1:30:57]} 2. Nf3 {[%clk 1:31:18]} Nc6 {[%clk
1:31:25]} 3. Bb5 {[%clk 1:31:38]} g6 {[%clk 1:31:51]} 4. O-O {[%clk 1:31:30]} Bg7
{[%clk 1:29:47]} 5. c3 {[%clk 1:31:49]} e5 {[%clk 1:28:54]} 6. Na3 {[%clk
1:23:10]} Nge7 {[%clk 1:26:15]} 7. Nc4 {[%clk 1:21:05]} O-O {[%clk 1:21:04]} 8.
d3 {[%clk 1:16:15]} d6 {[%clk 1:18:26]} 9. Bg5 {[%clk 1:09:04]} h6 {[%clk
1:16:10]} 10. Be3 {[%clk 1:07:06]} f5 {[%clk 1:12:35]} 11. exf5 {[%clk 1:03:28]}
gxf5 {[%clk 1:07:02]} 12. d4 {[%clk 0:54:47]} cxd4 {[%clk 1:06:54]} 13. cxd4
{[%clk 0:55:09]} e4 {[%clk 1:06:45]} 14. Bxc6 {[%clk 0:46:01]} bxc6 {[%clk
1:02:06]} 15. Ne1 {[%clk 0:45:05]} f4 {[%clk 1:01:46]} 16. Bc1 {[%clk 0:44:50]}
Ba6 {[%clk 1:00:16]} 17. Nd2 {[%clk 0:42:44]} Bxf1 {[%clk 1:00:29]} 18. Nxf1
{[%clk 0:43:08]} Qd7 {[%clk 0:56:08]} 19. g3 {[%clk 0:34:49]} Nd5 {[%clk
0:52:44]} 20. Ng2 {[%clk 0:31:07]} f3 {[%clk 0:50:29]} 21. Nf4 {[%clk 0:31:26]}
Rxf4 {[%clk 0:50:07]} 0-1

[Event "European Women's Championship"]
[Site "Vysoke Tatry"]
[Date "2018.04.18"]
[Round "10"]
[White "Injac, Teodora"]
[Black "Kubicka, Anna"]
[Result "1/2-1/2"]
[Board "47"]
[WhiteElo "2290"]
[WhiteTitle "WIM"]
[WhiteCountry "SRB"]
[WhiteFideId "932400"]
[WhiteEloChange "-2"]
[BlackElo "2215"]
[BlackTitle "WFM"]
[BlackCountry "POL"]
[BlackFideId "1152254"]
[BlackEloChange "2"]

1. d4 {[%clk 1:30:57]} Nf6 {[%clk 1:30:51]} 2. g3 {[%clk 1:31:03]} c5 {[%clk
1:30:18]} 3. d5 {[%clk 1:31:25]} d6 {[%clk 1:30:16]} 4. c4 {[%clk 1:30:59]} g6
{[%clk 1:30:11]} 5. Nc3 {[%clk 1:30:50]} Bg7 {[%clk 1:30:32]} 6. Bg2 {[%clk
1:31:14]} a6 {[%clk 1:30:10]} 7. a4 {[%clk 1:29:46]} O-O {[%clk 1:30:28]} 8. Nf3
{[%clk 1:29:11]} e6 {[%clk 1:30:51]} 9. O-O {[%clk 1:29:30]} exd5 {[%clk
1:30:37]} 10. cxd5 {[%clk 1:29:49]} Re8 {[%clk 1:29:56]} 11. Bf4 {[%clk 1:28:53]}
Ne4 {[%clk 1:28:29]} 12. Nxe4 {[%clk 1:27:47]} Rxe4 {[%clk 1:28:41]} 13. Bg5
{[%clk 1:10:21]} Qe8 {[%clk 1:16:43]} 14. Nd2 {[%clk 1:06:00]} Rb4 {[%clk
1:15:17]} 15. Ra3 {[%clk 0:48:05]} Qe5 {[%clk 1:05:10]} 16. Re3 {[%clk 0:25:30]}
Qxg5 {[%clk 1:04:15]} 17. Re8+ {[%clk 0:25:58]} Bf8 {[%clk 1:04:36]} 18. Rxc8
{[%clk 0:26:20]} Qf5 {[%clk 0:40:54]} 19. Rd8 {[%clk 0:25:01]} Kg7 {[%clk
0:38:54]} 20. e4 {[%clk 0:22:05]} Qe5 {[%clk 0:27:58]} 21. Qg4 {[%clk 0:21:46]}
Qe7 {[%clk 0:17:01]} 22. Rc8 {[%clk 0:14:57]} Rd4 {[%clk 0:15:45]} 23. Nb3 {[%clk
0:12:55]} Rb4 {[%clk 0:15:43]} 24. Nd2 {[%clk 0:12:11]} Rd4 {[%clk 0:16:10]} 25.
Nb3 {[%clk 0:08:52]} Rb4 {[%clk 0:16:36]} 26. Nd2 {[%clk 0:07:17]} 1/2-1/2